000 02457cam a2200457 i 4500
001 21957200
003 OSt
005 20250206114257.0
008 210324t20212022ohua b 001 0 eng d
010 _a 2021935990
020 _a1736945602
020 _a9781736945605
035 _a(OCoLC)on1267752044
040 _aSEKU
_beng
_erda
_cYDX
_dTXI
_dOCLCF
_dDLC
042 _alccopycat
050 0 0 _aHD38.5
_b.D375
100 1 _aDavid, Pierre A.,
_eauthor.
245 1 0 _aInternational logistics :
_bthe management of international trade operations /
_cPierre A. David.
260 _aNew Delhi
264 1 _aBerea, OH :
_bCicero Books LLC,
_c2021
264 4 _c2003
300 _a303 p. :
_billustrations (chiefly color) ;
_c28 cm
336 _atext
_btxt
_2rdacontent
336 _atext
_btxt
_2rdacontent
337 _aunmediated
_bn
_2rdamedia
337 _aunmediated
_bn
_2rdamedia
338 _avolume
_bnc
_2rdacarrier
338 _avolume
_bnc
_2rdacarrier
504 _aIncludes bibliographical references and index.
520 _aA full-color textbook covering all of the concepts of international logistics. This textbook is written from the perspective of shippers, those managers who are actively exporting or importing goods or are otherwise involved in international trade operations. All of the relevant issues are thoroughly explained, including documentation, terms of payment, terms of trade (2020 Incoterms© rules), exchange rate exposure hedges, international insurance, Customs clearance, agency and distributorship sales contracts, packaging, transportation, warehousing, terminal operations, transportation of dangerous goods, transportation of refrigerated goods, security issues, and cross-border trade. The book explains the methods by which a company can develop a strategic advantage by excelling at the management of its international-trade operations.
650 0 _aBusiness logistics.
650 0 _aInternational trade.
650 0 _aPhysical distribution of goods
_xManagement.
650 7 _aBusiness logistics.
_2fast
_0(OCoLC)fst00842759
650 7 _aInternational trade.
_2fast
_0(OCoLC)fst00977128
650 7 _aPhysical distribution of goods
_xManagement.
_2fast
_0(OCoLC)fst01062390
906 _a7
_bcbc
_ccopycat
_d2
_encip
_f20
_gy-gencatlg
942 _2lcc
_cSL1
999 _c18521
_d18521